000 00543nam a2200205Ia 4500
005 20250923150354.0
008 008 250917s9999 xx 000 0 eng d
037 _aTextual
040 _aDSWL
_beng
_cDSWL
041 _aeng
_2eng
084 _qDSWL
100 _aTeater,Barbra
_9845237
245 3 _aAn introduction to applying social work theories and methods
_cby Barbra Teater
260 _aJaipur
_bRawat Pub.
_c2011
300 _a218 p.
365 _aINR
_b650
925 _g650
942 _cTEXL
999 _c1462754
_d1462754